| 000 | 01339nam a2200313 i 4500 | ||
|---|---|---|---|
| 001 | |||
| 003 | DO-SdBNP | ||
| 005 | 20240821142131.0 | ||
| 007 | ta | ||
| 008 | 130408t1986 dr r 000 0 0pspa d | ||
| 020 | _a8489525234 | ||
| 040 |
_aDO-SdBNP _bspa _cBNPHU _erda |
||
| 082 | 4 |
_a349.7293 _bV422h,1986 _222 |
|
| 100 | 1 |
_aVega B., Wenceslao, _d1932- _b _938670 _eautor |
|
| 245 | 1 | 0 |
_aHistoria del derecho dominicano / _cWenceslao Vega B. |
| 250 | _a | ||
| 264 | 4 |
_aSanto Domingo : _bINTEC, _c©1986. |
|
| 300 |
_ax, 417 páginas ; _c23 cm. |
||
| 336 |
_2rdacontent _atexto _btxt |
||
| 337 |
_2rdamedia _asin mediación _bn |
||
| 338 |
_2rdacarrier _avolumen _bnc |
||
| 500 | _aIncluye referencias bibliográficas y notas al pie de las páginas e índice. | ||
| 504 | _aBibliografía : páginas 379-383 | ||
| 505 |
_aIntroducción -- _gCapítulo 1-- _tAntecedentes-- _gCapítulo 2-- _tEl derecho castellano a fines del siglo XV -- _gCapítulo 3-- _tEl derecho en la sociedad taina de la Española -- _gCapítulo 4-- _tEl derecho del descubrimiento -- _gCapítulo 5-- _tEl primer derecho en la Isla Española -- _gCapítulo 6-- _tLos primeros experimentos jurídicos. |
||
| 590 | _aInventariado, 2024/BT | ||
| 650 | 4 |
_aDerecho _zRepública Dominicana _91058 _x Historia |
|
| 910 | _aValidado. Control de calidad MFF | ||
| 942 |
_2ddc _cLBS1 |
||
| 999 |
_c49173 _d49173 |
||